Object-Oriented Programming Using C++ (Record no. 1)
[ view plain ]
| 000 -LEADER | |
|---|---|
| fixed length control field | 00309nam a22001217a 4500 |
| 020 ## - ISBN | |
| International Standard Book Number | 9788120330856 |
| 050 ## - LIBRARY OF CONGRESS CALL NUMBER | |
| Classification Number | QA76.64 |
| Item Number | J23 2010 |
| 100 ## - MAIN ENTRY--Author | |
| Personal name | Jagadev, A.K. |
| 245 ## - TITLE | |
| Title | Object-Oriented Programming Using C++ |
| 260 ## - PUBLICATION, DISTRIBUTION, ETC.(IMPRINT) | |
| Place of publication, distribution, etc | New Delhi |
| Name of publisher, distributor, etc | PHI Learning |
| Date of publication, distribution, etc | 2007 |
| 300 ## - PHYSICAL DESCRIPTION | |
| Extent | Includes Bibliography and Index |
| 942 ## - ADDED ENTRY ELEMENTS(KOHA) | |
| Koha item type | General circulation |
| Source of classification or shelving scheme | Not for loan | Location (home branch) | Sublocation (holding branch) | Date accessioned | Cost, normal purchase price | Full call number | Barcode | Cost, replacement price | Koha item type | Public note |
|---|---|---|---|---|---|---|---|---|---|---|
| Library of Congress Classification | Main Campus Library | Main Campus Library | 06/05/2014 | 4000.00 | QA76.64 J23 2010 | 017953 | 4500.00 | General circulation | mk |